[Event "12. Lichtenberger Sommer"]
[Site "Berlin"]
[Date "2013.07.20"]
[Round "1.89"]
[White "Merz, Rüdiger"]
[Black "Dathe, Frederick"]
[Result "1-0"]
[WhiteElo "1900"]
[BlackElo "1458"]
[PlyCount "61"]
[EventDate "2013.??.??"]
[WhiteTeam "SK Zehlendorf e.V."]
[BlackTeam "Schachunion Berlin e.V."]

1. e4 c5 2. Nf3 Nc6 3. d4 cxd4 4. Nxd4 g6 5. c4 Bg7 6. Nb3 d6 7. Nc3 Nf6 8. Be2
O-O 9. Be3 Be6 10. f3 a6 11. Rc1 Rc8 12. O-O Ne5 13. Nd5 Bxd5 14. cxd5 Rxc1 15.
Qxc1 Qc8 16. Qb1 Qb8 17. f4 Neg4 18. Bd4 Rc8 19. h3 Nh6 20. g4 e5 21. dxe6 fxe6
22. g5 e5 23. fxe5 dxe5 24. Be3 Nf7 25. gxf6 Bf8 26. Rc1 Rd8 27. Bg4 Bh6 28.
Bxh6 Nxh6 29. Be6+ Nf7 30. Qc2 Qa7+ 31. Qc5 1-0

[Event "12. Lichtenberger Sommer"]
[Site "Berlin"]
[Date "2013.07.20"]
[Round "1.90"]
[White "Paris, Gerhard"]
[Black "Schmidek, Emil"]
[Result "0-1"]
[WhiteElo "1587"]
[BlackElo "1931"]
[PlyCount "70"]
[EventDate "2013.??.??"]
[WhiteTeam "TSG Oberschöneweide e.V."]
[BlackTeam "TuS Makkabi Berlin e.V."]

1. e4 e5 2. Nc3 Nf6 3. g3 d5 4. exd5 Nxd5 5. Nge2 Bg4 6. Bg2 c6 7. h3 Bh5 8.
O-O Bc5 9. Ne4 Bb6 10. c4 Nb4 11. c5 Bc7 12. a3 Nd5 13. b4 f5 14. N4c3 Nxc3 15.
dxc3 Qxd1 16. Rxd1 Bxe2 17. Re1 Bc4 18. Bf4 Nd7 19. Rad1 O-O-O 20. Bg5 Nf6 21.
Rb1 Rd3 22. Rec1 Rd7 23. a4 a6 24. Bf1 Bxf1 25. Kxf1 Ne4 26. Be3 f4 27. gxf4
exf4 28. Bd4 Nd2+ 29. Ke2 Nxb1 30. Rxb1 Re8+ 31. Kd3 b5 32. axb5 axb5 33. Kc2
Re2+ 34. Kb3 Be5 35. c4 bxc4+ 0-1

[Event "12. Lichtenberger Sommer"]
[Site "Berlin"]
[Date "2013.07.20"]
[Round "1.91"]
[White "Richter, Götz"]
[Black "Nguyen, Phuong Thuy Anh"]
[Result "1-0"]
[WhiteElo "2003"]
[BlackElo "1436"]
[PlyCount "61"]
[EventDate "2013.??.??"]
[WhiteTeam "Klub Kölner Schachfreunde e.V. 1"]
[BlackTeam "Schachunion Berlin e.V."]

1. e4 e5 2. Nf3 Nc6 3. d4 exd4 4. Nxd4 Nf6 5. Nxc6 bxc6 6. e5 Qe7 7. Qe2 Nd5 8.
Nd2 d6 9. exd6 cxd6 10. Nf3 Nb4 11. Be3 Bf5 12. Nd4 Qe4 13. c3 Nc2+ 14. Nxc2
Qxc2 15. Qxc2 Bxc2 16. Ba6 Rb8 17. b3 Be7 18. O-O O-O 19. Rac1 Bf5 20. Rfd1
Rfd8 21. Rd2 c5 22. Rcd1 Rb6 23. Be2 a5 24. Bxc5 Rc6 25. Bd4 Bg5 26. Bf3 Bxd2
27. Bxc6 Rc8 28. Bb7 Rc7 29. Bd5 Bxc3 30. Rc1 Rc8 31. Rxc3 1-0

[Event "12. Lichtenberger Sommer"]
[Site "Berlin"]
[Date "2013.07.20"]
[Round "1.92"]
[White "Laurin, Dirk"]
[Black "Ciolek, Andreas"]
[Result "0-1"]
[WhiteElo "1647"]
[BlackElo "1888"]
[PlyCount "46"]
[EventDate "2013.??.??"]
[WhiteTeam "SG Narva Berlin e.V."]
[BlackTeam "SK Singen"]

1. e4 c5 2. d4 cxd4 3. c3 Nf6 4. e5 Nd5 5. Qxd4 e6 6. Nf3 Nc6 7. Qe4 d6 8. Bb5
Bd7 9. Bd3 Qc7 10. exd6 Bxd6 11. g3 Ne5 12. Nxe5 Bxe5 13. O-O Bc6 14. Qe2 h5
15. f4 Bd6 16. Nd2 Bc5+ 17. Rf2 Bxf2+ 18. Qxf2 h4 19. Ne4 hxg3 20. Qxg3 O-O-O
21. Bd2 Nf6 22. Ng5 Qb6+ 23. Kf1 Nh5 0-1

[Event "12. Lichtenberger Sommer"]
[Site "Berlin"]
[Date "2013.07.20"]
[Round "1.93"]
[White "Pronobis, Wiktor"]
[Black "Schmidek, Johann"]
[Result "1-0"]
[WhiteElo "1892"]
[BlackElo "1424"]
[PlyCount "63"]
[EventDate "2013.??.??"]
[WhiteTeam "SC Weisse Dame e.V."]
[BlackTeam "vereinslos"]

1. c4 Nf6 2. g3 g6 3. Bg2 Bg7 4. Nf3 O-O 5. O-O d6 6. Nc3 Nbd7 7. d3 c6 8. Bd2
e5 9. Qc2 Re8 10. Rab1 Rb8 11. b4 b5 12. Ng5 Qc7 13. Rfc1 a6 14. cxb5 cxb5 15.
Qb3 Nb6 16. Nxb5 Qd8 17. Qxf7+ Kh8 18. Qa7 Be6 19. Nc7 Re7 20. Ngxe6 Qg8 21.
Nxg7 Rxg7 22. Qxa6 Re7 23. Bg5 Kg7 24. Bxf6+ Kxf6 25. Nd5+ Nxd5 26. Qxd6+ Qe6
27. Qxb8 Re8 28. Bxd5 Rxb8 29. Bxe6 Kxe6 30. a4 Kd6 31. a5 Rb5 32. a6 1-0

[Event "12. Lichtenberger Sommer"]
[Site "Berlin"]
[Date "2013.07.20"]
[Round "1.94"]
[White "Toth, Hans-Jürgen"]
[Black "Batzaya, Ayush"]
[Result "0-1"]
[WhiteElo "1641"]
[BlackElo "1952"]
[PlyCount "82"]
[EventDate "2013.??.??"]
[WhiteTeam "Schachfreunde Zehdenick 76 e.V."]
[BlackTeam "SV Berolina Mitte e.V."]

1. f4 d5 2. Nf3 Bg4 3. e3 Nf6 4. Be2 e6 5. Ne5 Bxe2 6. Qxe2 Ne4 7. O-O c6 8. b3
Nd7 9. Bb2 Ndf6 10. d3 Nc5 11. Nd2 Bd6 12. Ndf3 O-O 13. d4 Nce4 14. a4 Qa5 15.
Qd3 Rad8 16. c3 Qc7 17. c4 Nd7 18. c5 Be7 19. Nxd7 Qxd7 20. Ne5 Qc7 21. b4 Bf6
22. Ng4 Be7 23. a5 Rb8 24. Bc3 b6 25. a6 bxc5 26. dxc5 h5 27. Be5 Qd7 28. Bxb8
Rxb8 29. Ne5 Qc7 30. Qa3 Bf6 31. Qa5 Bxe5 32. fxe5 Qxe5 33. Rf3 Ng5 34. Rh3
Nxh3+ 35. gxh3 Qxe3+ 36. Kh1 Qe4+ 37. Kg1 Rxb4 38. Qc7 Qd4+ 39. Kg2 Rb2+ 40.
Kh1 Qe4+ 41. Kg1 Qg2# 0-1

[Event "12. Lichtenberger Sommer"]
[Site "Berlin"]
[Date "2013.07.20"]
[Round "1.95"]
[White "Kutschke, Jens"]
[Black "Lehmann, Tornalf"]
[Result "1-0"]
[WhiteElo "1891"]
[BlackElo "1680"]
[PlyCount "127"]
[EventDate "2013.??.??"]
[WhiteTeam "Sfrd. Berlin 1903 e.V."]
[BlackTeam "SC Heilsbronn 1951 e.V."]

1. e4 Nf6 2. e5 Nd5 3. c4 Nb6 4. d4 d6 5. Nf3 g6 6. exd6 cxd6 7. h3 Bg7 8. Be2
Nc6 9. O-O O-O 10. Nc3 Bf5 11. Be3 d5 12. c5 Nc4 13. b3 Nxe3 14. fxe3 b6 15.
cxb6 axb6 16. Bd3 Bxd3 17. Qxd3 Nb4 18. Qd2 e6 19. Nb5 Nc6 20. Rac1 Rc8 21. Rc2
Na5 22. Rfc1 Rxc2 23. Qxc2 Bh6 24. Qc3 Nb7 25. Kf2 Nd6 26. Nxd6 Qxd6 27. Qc7
Qxc7 28. Rxc7 Rb8 29. Ne5 b5 30. Ke2 Ra8 31. Rc2 b4 32. Kd3 Ra7 33. e4 dxe4+
34. Kxe4 Bf8 35. g4 Kg7 36. h4 f6 37. Nd3 Kf7 38. Nc5 Bd6 39. Kd3 Bg3 40. h5 f5
41. gxf5 gxf5 42. Kc4 e5 43. Rg2 Bf4 44. Nd3 Kf6 45. Nxb4 Rc7+ 46. Kb5 Rd7 47.
dxe5+ Bxe5 48. a4 f4 49. a5 Kf5 50. a6 f3 51. Rf2 Kg4 52. Nc6 Bg3 53. Rf1 Rd3
54. Kc4 Rd2 55. a7 Ra2 56. b4 f2 57. Na5 Rc2+ 58. Kd3 Rc8 59. b5 Rd8+ 60. Kc4
Kf3 61. b6 Ke2 62. Rh1 f1=Q 63. Rxf1 Kxf1 64. b7 1-0

[Event "12. Lichtenberger Sommer"]
[Site "Berlin"]
[Date "2013.07.20"]
[Round "1.96"]
[White "Rose, Luis Stratos"]
[Black "Kühnemund, Lutz"]
[Result "0-1"]
[WhiteElo "1410"]
[BlackElo "2044"]
[PlyCount "80"]
[EventDate "2013.??.??"]
[WhiteTeam "SC Kreuzberg e.V."]
[BlackTeam "SC Friesen Lichtenberg e.V."]

1. d4 Nf6 2. c4 g6 3. Nc3 d5 4. cxd5 Nxd5 5. e4 Nxc3 6. bxc3 c5 7. Nf3 Bg7 8.
Bc4 O-O 9. Be3 Qc7 10. Qb3 Nc6 11. Ng5 e6 12. Qd1 cxd4 13. cxd4 Nxd4 14. Bxd4
Qxc4 15. Bxg7 Kxg7 16. Qc1 Qb4+ 17. Qd2 Qxd2+ 18. Kxd2 f6 19. Nf3 e5 20. Ke3
Be6 21. Rab1 Rf7 22. Rb2 Rc8 23. Rhb1 Rcc7 24. h3 Rfd7 25. Ke2 Bc4+ 26. Ke1 Bd3
27. Rd1 Bxe4 28. Rxd7+ Rxd7 29. Rd2 Rxd2 30. Kxd2 Bxf3 31. gxf3 Kf7 32. Kd3 Ke6
33. a4 Kd5 34. Kc3 Kc5 35. Kb3 b6 36. a5 Kb5 37. axb6 axb6 38. h4 h5 39. f4
exf4 40. f3 g5 0-1

[Event "12. Lichtenberger Sommer"]
[Site "Berlin"]
[Date "2013.07.20"]
[Round "1.97"]
[White "Eichler, Jan-Christoph"]
[Black "Bockrath, Hendrik"]
[Result "1-0"]
[WhiteElo "2012"]
[BlackElo "1382"]
[PlyCount "101"]
[EventDate "2013.??.??"]
[WhiteTeam "Schachclub Oranienburg e.V."]
[BlackTeam "SC Kreuzberg e.V."]

1. d4 Nf6 2. c4 g6 3. Nc3 Bg7 4. e4 d6 5. Be2 O-O 6. f4 c5 7. d5 Nbd7 8. Nf3 a6
9. a4 Rb8 10. O-O Nb6 11. e5 Nfd7 12. a5 Na8 13. e6 fxe6 14. Ng5 Nf6 15. dxe6
Nc7 16. Bg4 b5 17. f5 Nxg4 18. Qxg4 Bd4+ 19. Kh1 Bxe6 20. Nxe6 Nxe6 21. Bh6 Ng7
22. fxg6 bxc4 23. gxh7+ Kh8 24. Qe2 Rxf1+ 25. Rxf1 e5 26. Rf7 Ne6 27. Qg4 e4
28. Qxe6 Bxc3 29. Rf8+ Qxf8 30. Bxf8 Rxf8 31. g4 Be5 32. g5 Kxh7 33. Qh6+ Kg8
34. Qg6+ Kh8 35. Qh6+ Kg8 36. Qg6+ Kh8 37. Qxe4 Rf4 38. Qa8+ Kg7 39. Qxa6 Rg4
40. Qc8 Rxg5 41. a6 Bd4 42. h4 Rg1+ 43. Kh2 Ra1 44. Qd7+ Kh6 45. Qxd6+ Kh5 46.
Qe7 Kg4 47. a7 Bxb2 48. Qg5+ Kf3 49. Qg2+ Kf4 50. Qxb2 Rxa7 51. Qb8+ 1-0

[Event "12. Lichtenberger Sommer"]
[Site "Berlin"]
[Date "2013.07.20"]
[Round "1.98"]
[White "Dittrich, Hans-Jürgen"]
[Black "Rauhut, Frank"]
[Result "0-1"]
[WhiteElo "1380"]
[BlackElo "1993"]
[PlyCount "56"]
[EventDate "2013.??.??"]
[WhiteTeam "vereinslos"]
[BlackTeam "SV Jenapharm Jena"]

1. c4 Nf6 2. g3 e5 3. Bg2 d6 4. Nc3 c6 5. e4 Be7 6. Nge2 Nbd7 7. O-O Nf8 8. d3
Ng6 9. h3 Bd7 10. f4 exf4 11. Nxf4 Qc8 12. Kh2 h5 13. Nxg6 fxg6 14. Rf4 Nh7 15.
h4 Bg4 16. Bf3 Nf6 17. Qf1 Qd7 18. a3 O-O-O 19. Be3 Bxf3 20. Qxf3 g5 21. Rf5
Ng4+ 22. Kg1 g6 23. Ra5 Rdf8 24. Qe2 b6 25. Bxb6 axb6 26. Ra8+ Kb7 27. Rxf8
Rxf8 28. hxg5 Rf2 0-1

[Event "12. Lichtenberger Sommer"]
[Site "Berlin"]
[Date "2013.07.20"]
[Round "1.99"]
[White "Engesser, Jonas"]
[Black "Stemmler, Frank"]
[Result "1-0"]
[WhiteElo "1824"]
[BlackElo "1377"]
[PlyCount "59"]
[EventDate "2013.??.??"]
[WhiteTeam "SK Engen"]
[BlackTeam "SG Eckturm"]

1. e4 e5 2. Nf3 Nc6 3. Bb5 Bc5 4. d3 Nd4 5. Nxd4 Bxd4 6. O-O c6 7. Ba4 Qb6 8.
c3 Bc5 9. Nd2 Nf6 10. Nc4 Qc7 11. Nxe5 Qxe5 12. d4 Bxd4 13. cxd4 Qe7 14. Bg5 h6
15. Bh4 g5 16. Bg3 Kf8 17. Bc2 Rg8 18. e5 Nd5 19. Qh5 Qe6 20. Rae1 b6 21. f4
gxf4 22. Bxf4 Nxf4 23. Rxf4 Rg5 24. Qh4 Ba6 25. Bb3 Qg6 26. Rxf7+ Ke8 27. Qh3
Rg4 28. e6 d5 29. Qf3 Qg8 30. Bxd5 1-0

[Event "12. Lichtenberger Sommer"]
[Site "Berlin"]
[Date "2013.07.20"]
[Round "1.100"]
[White "Gelman, Josef"]
[Black "Bieg, Pascal"]
[Result "0-1"]
[WhiteElo "1570"]
[BlackElo "1859"]
[PlyCount "90"]
[EventDate "2013.??.??"]
[WhiteTeam "SC Weisse Dame e.V."]
[BlackTeam "SC Kreuzberg e.V."]

1. e4 e6 2. d4 d5 3. exd5 exd5 4. c4 Nf6 5. Nc3 Be7 6. Nf3 O-O 7. cxd5 Nxd5 8.
Bc4 Nxc3 9. bxc3 Bg4 10. O-O Nd7 11. h3 Bh5 12. Bf4 Nb6 13. Be2 Nd5 14. Bd2 Bd6
15. Qc2 Nf4 16. Bxf4 Bxf4 17. Nh2 Bxe2 18. Qxe2 Re8 19. Qd3 Qd6 20. Nf3 Re6 21.
Rae1 Rae8 22. Qd1 Qd5 23. Qa4 Rxe1 24. Nxe1 Qe6 25. Nd3 Bd6 26. Qxa7 b6 27. Qa4
Qe4 28. Ne5 Rxe5 29. dxe5 Qxa4 30. exd6 cxd6 31. Re1 g6 32. Rb1 Qc6 33. a4 d5
34. Kh2 Qxc3 35. g3 Qc5 36. Kg2 Kf8 37. Rb5 Qc6 38. Kf1 Ke7 39. Kg1 Kd6 40. Kh2
Ke5 41. f4+ Kd4 42. Rb4+ Ke3 43. Rb3+ Ke4 44. Rb4+ d4 45. Kg1 Qc1+ 0-1

[Event "12. Lichtenberger Sommer"]
[Site "Berlin"]
[Date "2013.07.20"]
[Round "1.101"]
[White "Guzzetti, Luigi Enrico"]
[Black "Baumgaertner, Andre"]
[Result "1-0"]
[WhiteElo "1873"]
[BlackElo "1348"]
[PlyCount "59"]
[EventDate "2013.??.??"]
[WhiteTeam "C.S. Scacco Matto Como"]
[BlackTeam "SC Friesen Lichtenberg e.V."]

1. e4 e5 2. Nf3 Nc6 3. Bb5 a6 4. Ba4 Nf6 5. O-O d6 6. Re1 Bg4 7. c3 Be7 8. h3
Bh5 9. d3 O-O 10. Nbd2 h6 11. Nf1 Nd7 12. Ng3 Bg6 13. d4 b5 14. Bc2 exd4 15.
cxd4 Bf6 16. a4 Nb4 17. Bb3 c5 18. Bf4 c4 19. Bc2 Qb6 20. a5 Qc6 21. Bb1 d5 22.
Qd2 Be7 23. Nf5 Bxf5 24. exf5 Bd6 25. Ne5 Qc7 26. Bxh6 Nxe5 27. Bxg7 Kxg7 28.
Qg5+ Ng6 29. f6+ Kg8 30. Qh6 1-0

[Event "12. Lichtenberger Sommer"]
[Site "Berlin"]
[Date "2013.07.20"]
[Round "1.102"]
[White "Jiranek, Benno"]
[Black "Grassi, Fabrizio"]
[Result "0-1"]
[WhiteElo "1480"]
[BlackElo "1957"]
[PlyCount "58"]
[EventDate "2013.??.??"]
[WhiteTeam "SC Kreuzberg e.V."]
[BlackTeam "SV Berlin-Friedrichstadt"]

1. d4 d5 2. c4 e6 3. Nc3 Nf6 4. Nf3 a6 5. h3 dxc4 6. a4 c5 7. e3 Nc6 8. Bxc4 b6
9. d5 exd5 10. Nxd5 Be6 11. Nxf6+ Qxf6 12. Bxe6 Qxe6 13. O-O Be7 14. Bd2 Bf6
15. Qc2 O-O 16. Ra3 Rfd8 17. Qb3 Qxb3 18. Rxb3 Rab8 19. e4 Nd4 20. Nxd4 Rxd4
21. Be3 Rxa4 22. Bxc5 Rxe4 23. Rc1 b5 24. Bd6 Rd8 25. Rc6 Re1+ 26. Kh2 Rxd6 27.
Rbc3 Rxc6 28. Rxc6 Be5+ 29. g3 g6 0-1

[Event "12. Lichtenberger Sommer"]
[Site "Berlin"]
[Date "2013.07.20"]
[Round "1.103"]
[White "Baranowsky, Peter"]
[Black "Stiemerling, Karl-Heinz"]
[Result "1-0"]
[WhiteElo "1967"]
[BlackElo "1609"]
[PlyCount "65"]
[EventDate "2013.??.??"]
[WhiteTeam "Sfrd. Berlin 1903 e.V."]
[BlackTeam "SG Eckturm"]

1. d4 d5 2. Nf3 c6 3. c4 Nf6 4. Nc3 h6 5. Qc2 Nbd7 6. cxd5 cxd5 7. Bf4 a6 8. e3
Nb6 9. Bd3 e6 10. O-O Bd6 11. Bxd6 Qxd6 12. Ne5 Bd7 13. a4 Rc8 14. Qb3 Rc7 15.
a5 Nc8 16. Rac1 Ne7 17. Na4 Nc6 18. Qb6 O-O 19. Nc5 Bc8 20. Nxa6 bxa6 21. Rxc6
Rxc6 22. Qxc6 Qxc6 23. Nxc6 Bb7 24. Rc1 Re8 25. Nb4 g6 26. Nxa6 Ra8 27. Nc5 Bc6
28. a6 Rb8 29. a7 Rxb2 30. Na4 Rd2 31. Rxc6 Rxd3 32. a8=Q+ Kg7 33. Rc1 1-0

[Event "12. Lichtenberger Sommer"]
[Site "Berlin"]
[Date "2013.07.20"]
[Round "1.104"]
[White "Ziegel, Mandy Marie"]
[Black "Alten, Silvio"]
[Result "0-1"]
[WhiteElo "1548"]
[BlackElo "1887"]
[PlyCount "96"]
[EventDate "2013.??.??"]
[WhiteTeam "Schachclub Oranienburg e.V."]
[BlackTeam "Treptower SV 1949 e.V."]

1. d4 Nf6 2. Nf3 g6 3. g3 Bg7 4. Bg2 O-O 5. b3 c6 6. O-O d5 7. Bb2 Nbd7 8. c4
Qc7 9. Nc3 dxc4 10. bxc4 Nb6 11. c5 Nbd5 12. Re1 Nxc3 13. Bxc3 Ne4 14. Bb2 Nxc5
15. Qc2 Na6 16. Rac1 Be6 17. a3 Bh6 18. e3 Rac8 19. Qc3 Bg7 20. Re2 Qb6 21. Qd2
h6 22. e4 Nc7 23. Ne1 Rfd8 24. Rd1 Bb3 25. Nc2 Bxc2 26. Qxc2 Bxd4 27. Bxd4 Rxd4
28. Red2 Rcd8 29. Rxd4 Rxd4 30. Rb1 Qa6 31. Qc5 Rd7 32. Bf1 Ne6 33. Qe3 Qa4 34.
Bh3 Rd1+ 35. Rxd1 Qxd1+ 36. Kg2 Ng5 37. Bc8 Qb1 38. f3 Qa2+ 39. Kg1 b6 40. e5
e6 41. h4 Nh3+ 42. Kh1 Qf2 43. Qxf2 Nxf2+ 44. Kg2 Nd3 45. f4 Nc5 46. Kf3 Kf8
47. g4 Ke7 48. f5 Kd8 0-1

[Event "12. Lichtenberger Sommer"]
[Site "Berlin"]
[Date "2013.07.20"]
[Round "1.105"]
[White "Kapp, Frank"]
[Black "Pilgrim, Wilfried"]
[Result "1-0"]
[WhiteElo "1908"]
[BlackElo "1508"]
[PlyCount "77"]
[EventDate "2013.??.??"]
[WhiteTeam "TSV IFA Chemnitz"]
[BlackTeam "SC Kreuzberg e.V."]

1. d4 e6 2. c4 d5 3. Nc3 Nf6 4. Bg5 Be7 5. e3 b6 6. Nf3 Bb7 7. Rc1 c5 8. dxc5
bxc5 9. Qb3 Bc6 10. Ne5 dxc4 11. Qxc4 Bd5 12. Qa4+ Nfd7 13. Bxe7 Qxe7 14. Bb5
O-O 15. Nxd5 exd5 16. Nxd7 Nxd7 17. Bxd7 Rad8 18. Bb5 d4 19. O-O dxe3 20. fxe3
Qxe3+ 21. Kh1 Rd4 22. Qb3 Qg5 23. Bc4 Rd2 24. Qg3 Qh6 25. Bxf7+ Kh8 26. Bc4
Rfd8 27. Qf4 Qxf4 28. Rxf4 Rd1+ 29. Rxd1 Rxd1+ 30. Rf1 Rxf1+ 31. Bxf1 a5 32. h4
g6 33. g4 Kg7 34. g5 h6 35. Bc4 hxg5 36. hxg5 Kf8 37. Kg2 Ke7 38. Kf3 Kd6 39.
Kf4 1-0

[Event "12. Lichtenberger Sommer"]
[Site "Berlin"]
[Date "2013.07.20"]
[Round "1.106"]
[White "Stark, Steven"]
[Black "George, Tom"]
[Result "0-1"]
[WhiteElo "1529"]
[BlackElo "1901"]
[PlyCount "108"]
[EventDate "2013.??.??"]
[WhiteTeam "BSC Rehberge 1945 e.V."]
[BlackTeam "SG Blau-Weiß Stadtilm"]

1. d4 Nf6 2. c3 b6 3. Nf3 Bb7 4. e3 e6 5. Nbd2 Be7 6. Be2 O-O 7. O-O d6 8. Qc2
Nbd7 9. Nc4 c5 10. b3 Rc8 11. Bb2 Qc7 12. Ne1 d5 13. Nd2 Bd6 14. g3 Ne4 15.
Nxe4 dxe4 16. Qd2 cxd4 17. cxd4 Nf6 18. Rc1 Qe7 19. Ng2 Bb4 20. Qd1 a6 21. Kh1
Rfd8 22. Rxc8 Rxc8 23. Qb1 Nd5 24. Bc4 b5 25. Bxd5 Bxd5 26. Rc1 Rc7 27. Nf4 Bb7
28. Qa1 Bd6 29. Ne2 Qf6 30. Kg1 Qf3 31. Rxc7 Bxc7 32. Nc3 b4 33. Na4 Bd6 34.
Nb6 h5 35. Nc4 Bb8 36. Nd2 Qg4 37. Nf1 h4 38. Nd2 hxg3 39. fxg3 Bxg3 40. Qf1
Be1+ 41. Qg2 Qxg2+ 42. Kxg2 Bxd2 43. Kf2 f5 44. a3 Bd5 45. axb4 Bxb4 46. Kg3
Bxb3 47. Kf4 a5 48. h3 a4 49. h4 a3 50. Bxa3 Bxa3 51. h5 Bc1 52. Ke5 Bxe3 53.
d5 Bxd5 54. Kd6 f4 0-1

[Event "12. Lichtenberger Sommer"]
[Site "Berlin"]
[Date "2013.07.20"]
[Round "1.107"]
[White "Reiche, Andreas"]
[Black "Abraham, Helmut"]
[Result "1-0"]
[WhiteElo "1940"]
[BlackElo "1597"]
[PlyCount "103"]
[EventDate "2013.??.??"]
[WhiteTeam "SV Berolina Mitte e.V."]
[BlackTeam "SC Kreuzberg e.V."]

1. e4 c5 2. Nf3 e6 3. d4 cxd4 4. Nxd4 Nc6 5. Be2 Nf6 6. Nxc6 bxc6 7. Qd3 d5 8.
exd5 cxd5 9. O-O Be7 10. Qg3 O-O 11. Nc3 Bd6 12. Bf4 Bxf4 13. Qxf4 a6 14. Rfd1
Bb7 15. Rd3 Nd7 16. Rg3 f5 17. Qd6 Rf6 18. Bf3 e5 19. Bxd5+ Bxd5 20. Qxd5+ Kh8
21. Rd3 e4 22. Rd4 Ra7 23. Rad1 h6 24. Na4 Qe7 25. Qc4 Ne5 26. Qc8+ Kh7 27. Nc3
Rg6 28. Rd8 Nf7 29. R8d5 Qg5 30. g3 e3 31. Qxf5 Qxf5 32. Rxf5 exf2+ 33. Rxf2
Ng5 34. Kg2 Rb7 35. Na4 h5 36. Rf4 Rc7 37. c3 Re7 38. Rd2 Re3 39. c4 Ne4 40.
Rd5 Nf6 41. Rd2 Ng4 42. Nc3 h4 43. Rdd4 hxg3 44. Rxg4 gxh2 45. Rxg6 h1=Q+ 46.
Kxh1 Kxg6 47. Kg2 Kf5 48. Kf2 Re7 49. b4 g5 50. Kf3 Rh7 51. Rd5+ Kf6 52. Ne4+
1-0

[Event "12. Lichtenberger Sommer"]
[Site "Berlin"]
[Date "2013.07.20"]
[Round "1.108"]
[White "Brüning, Wolfgang"]
[Black "Lippianowski, Stefan"]
[Result "1-0"]
[WhiteElo "1962"]
[BlackElo "1245"]
[PlyCount "31"]
[EventDate "2013.??.??"]
[WhiteTeam "Queer-Springer SSV Berlin"]
[BlackTeam "Treptower SV 1949 e.V."]

1. Nf3 d5 2. d4 Bf5 3. e3 a6 4. a4 Nd7 5. c4 Bxb1 6. Rxb1 e6 7. b4 Ngf6 8. Bd3
Ne4 9. Qb3 a5 10. bxa5 c5 11. O-O Qxa5 12. cxd5 Nc3 13. Bd2 Ne2+ 14. Bxe2 Qxd2
15. Nxd2 Bd6 16. dxe6 1-0

[Event "12. Lichtenberger Sommer"]
[Site "Berlin"]
[Date "2013.07.20"]
[Round "1.109"]
[White "Kammler, Hans-Joachim"]
[Black "Alcer, Fabian"]
[Result "0-1"]
[WhiteElo "1487"]
[BlackElo "1776"]
[PlyCount "58"]
[EventDate "2013.??.??"]
[WhiteTeam "vereinslos"]
[BlackTeam "SV Empor Berlin e.V."]

1. e4 e5 2. Nf3 Nc6 3. Bb5 a6 4. Ba4 Nf6 5. O-O Be7 6. Re1 b5 7. Bb3 d6 8. c3
O-O 9. d4 exd4 10. Nxd4 Na5 11. Bc2 Re8 12. b4 Nc4 13. a4 Bd7 14. Na3 c5 15.
Nxc4 bxc4 16. bxc5 dxc5 17. Nf3 Qa5 18. Ra3 Rad8 19. Qe2 h6 20. e5 Nh7 21. Qe4
Nf8 22. Qxc4 Be6 23. Qe2 c4 24. Ra2 Qxc3 25. Bd2 Rxd2 26. Qxd2 Qxd2 27. Nxd2
Bb4 28. Re2 Bxd2 29. Rxd2 c3 0-1

[Event "12. Lichtenberger Sommer"]
[Site "Berlin"]
[Date "2013.07.20"]
[Round "1.110"]
[White "Dreke, Frank"]
[Black "Schmole-Rostosky, Joachim"]
[Result "1-0"]
[WhiteElo "1990"]
[BlackElo "1245"]
[PlyCount "61"]
[EventDate "2013.??.??"]
[WhiteTeam "Treptower SV 1949 e.V."]
[BlackTeam "SF Schwarz-Weiß Merzhausen"]

1. e4 e6 2. d4 d5 3. Bd3 h6 4. e5 c5 5. c3 Bd7 6. Nf3 c4 7. Be2 Ne7 8. O-O Ng6
9. b3 b5 10. a4 a6 11. axb5 Bxb5 12. Na3 Bxa3 13. Bxa3 Ne7 14. Nd2 Qc7 15. Bc5
Nd7 16. bxc4 dxc4 17. Bxc4 Qc6 18. Bxb5 axb5 19. Bxe7 Kxe7 20. Qb3 Rhb8 21. f3
Nb6 22. Rxa8 Rxa8 23. Rb1 Na4 24. Qb4+ Ke8 25. Ne4 Rd8 26. Nd6+ Rxd6 27. exd6
Nxc3 28. Rb3 Ne2+ 29. Kf2 Qc4 30. Qxc4 bxc4 31. Rb8+ 1-0

[Event "12. Lichtenberger Sommer"]
[Site "Berlin"]
[Date "2013.07.20"]
[Round "1.111"]
[White "Wolff, Marie Antoinette"]
[Black "Barwich, Andreas"]
[Result "1/2-1/2"]
[WhiteElo "1239"]
[BlackElo "1935"]
[PlyCount "124"]
[EventDate "2013.??.??"]
[WhiteTeam "Leegebrucher Schachfreunde"]
[BlackTeam "SV Berolina Mitte e.V."]

1. c4 Nf6 2. Nc3 c5 3. Nf3 Nc6 4. g3 g6 5. Bg2 Bg7 6. O-O O-O 7. Rb1 d6 8. d3
Bd7 9. a3 a5 10. Bd2 Qc8 11. Ng5 h6 12. Nge4 Bh3 13. Nxf6+ exf6 14. Nd5 Bxg2
15. Kxg2 Qd8 16. b4 axb4 17. axb4 b6 18. bxc5 bxc5 19. Rb6 Ne7 20. Nxe7+ Qxe7
21. Bf4 Rfd8 22. Qc2 f5 23. Rfb1 g5 24. Bc1 Re8 25. e3 Rad8 26. Bb2 Be5 27. d4
Qc7 28. Bc3 cxd4 29. Bxd4 Bxd4 30. exd4 Re4 31. Rb7 Qc6 32. Kg1 Rde8 33. Rb8
Kg7 34. Qc3 Kg6 35. Rxe8 Rxe8 36. d5 Qd7 37. c5 dxc5 38. Qxc5 f6 39. Rd1 Rc8
40. Qb4 Rd8 41. d6 h5 42. h3 Kg7 43. Qa5 Kg6 44. Kh2 Qc8 45. Qa4 Rd7 46. Rc1
Qd8 47. Rc6 Qb8 48. Rb6 Qd8 49. Qb4 Qf8 50. g4 hxg4 51. hxg4 fxg4 52. Qe4+ Kg7
53. Qxg4 Qe8 54. Kg2 Qa8+ 55. f3 Qd8 56. Rb8 Qxb8 57. Qxd7+ Kg6 58. Qe6 Qb2+
59. Kg3 Qd4 60. d7 Qg1+ 61. Kh3 Qh1+ 62. Kg3 Qg1+ 1/2-1/2

[Event "12. Lichtenberger Sommer"]
[Site "Berlin"]
[Date "2013.07.20"]
[Round "1.112"]
[White "Räcke, Norbert"]
[Black "Lange, Cecilia"]
[Result "0-1"]
[WhiteElo "1846"]
[BlackElo "1143"]
[PlyCount "22"]
[EventDate "2013.??.??"]
[WhiteTeam "Queer-Springer SSV Berlin"]
[BlackTeam "TSG Oberschöneweide e.V."]

1. d4 c6 2. c4 d5 3. Nf3 Nf6 4. Nc3 Bf5 5. Qb3 Qc8 6. cxd5 cxd5 7. Nxd5 Nxd5 8.
Qxd5 e6 9. Qb5+ Nc6 10. Bd2 a6 11. Qb6 Be7 0-1

[Event "12. Lichtenberger Sommer"]
[Site "Berlin"]
[Date "2013.07.20"]
[Round "1.113"]
[White "Bui, Bao Anh Le"]
[Black "Schabe, Felix"]
[Result "0-1"]
[WhiteElo "1102"]
[BlackElo "1746"]
[PlyCount "80"]
[EventDate "2013.??.??"]
[WhiteTeam "Treptower SV 1949 e.V."]
[BlackTeam "SV Empor Berlin e.V."]

1. e4 c5 2. Nf3 d6 3. d4 cxd4 4. Nxd4 Nf6 5. Nc3 g6 6. Be2 Bg7 7. Be3 O-O 8.
Qd2 Nc6 9. O-O-O Nxd4 10. Bxd4 Be6 11. f3 Qc7 12. Kb1 Rfc8 13. g4 Qa5 14. h4
Rxc3 15. Qxc3 Qxa2+ 16. Kc1 Qa1+ 17. Kd2 Qa4 18. Ra1 Nxe4+ 19. fxe4 Qxd4+ 20.
Qxd4 Bxd4 21. c3 Be5 22. Ke3 a6 23. Ra3 Bd7 24. b4 Rc8 25. Rc1 h6 26. Rc2 g5
27. h5 e6 28. c4 Bf4+ 29. Kf3 d5 30. c5 dxe4+ 31. Kxe4 Bc6+ 32. Kd3 Rd8+ 33.
Kc3 Be4 34. Rca2 Bb1 35. Ra1 Be5+ 36. Kb3 Bxa1 37. Rxa1 Be4 38. Kc3 f5 39. Rf1
Kf7 40. Kc4 Rd2 0-1

[Event "12. Lichtenberger Sommer"]
[Site "Berlin"]
[Date "2013.07.20"]
[Round "1.114"]
[White "Starke, jens"]
[Black "Sappok, Marius"]
[Result "0-1"]
[WhiteElo "800"]
[BlackElo "1971"]
[PlyCount "40"]
[EventDate "2013.??.??"]
[BlackTeam "SC Zugzwang 95 e.V."]

1. d4 Nf6 2. e3 g6 3. Nc3 Bg7 4. Nf3 O-O 5. h3 d6 6. a3 c6 7. Bd3 Nbd7 8. Bd2
e5 9. b4 Qe7 10. Bc4 d5 11. Bd3 e4 12. O-O exf3 13. e4 dxe4 14. Bxe4 Nxe4 15.
gxf3 Nxc3 16. Bxc3 Qh4 17. Kh2 Nb6 18. Re1 Nd5 19. Qd3 Qxh3+ 20. Kg1 Nf4 0-1